000 00660nam a2200229Ia 4500
005 20241216011128.0
008 190212s9999||||xx |||||||||||||| ||und||
020 _a84-7179-219-2
082 _a617.643
_bB42
100 _aBEUMER III, JOHN Y OTRO
245 0 _aSISTEMA DE IMPLANTES BRANEMARK
250 _a0
260 _aBARCELONA - ESPAÑA
_bESPAXS, S.A.
_c1991
300 _a250 pag
_c28.5 cm
341 _h660
490 _v0
_a0
505 _aOSEOINTEGRACION/PLAN DE TRATAMIENTO/PUENTE FIJO/SOBREDENTADU
541 _aC
_bLIBRERIA SAN CRISTOBAL
_d02-Sep-03
_oSoles
650 _aCIENCIAS APLICADAS
856 _zCiencias Aplicadas
942 _cLIBRO
999 _c33420
_d33420